000 00640nam a2200253Ia 4500
005 20250425162230.0
008 250425s9999 xx 000 0 und d
020 _a9586006646
041 _aspa
043 _ack
082 _a624.1771
100 _aBROCKENBROUGH, ROGER L.
245 0 _aDISEÑO DE ESTRUCTURAS DE ACERO
250 _a2A ED.
260 _aBOGOTA
260 _aColombia
_bMCGRAW-HILL INTERAMERICANA S.A.
_c1997
300 _a225
650 _aDISEÑO ESTRUCTURAL
650 _aESTRUCTURAS DE ACERO
650 _aPROCESOS DE FABRICACION
700 _aMERRITT, FREDERICK S.
942 _c01
010 _a58192
999 _c225058
_d225058